Countries by Bordering Sea Pair - Statistics

General Stats
  • This quiz has been taken 48 times
  • The average score is 10 of 10
Answer Stats
Seas Country % Correct
Coral Sea Australia
100%
Sea of Crete Greece
100%
Adriatic Sea Italy
100%
Black Sea Russia
100%
Black Sea Turkey
100%
North Sea United Kingdom
100%
Caspian Sea Iran
98%
Labrador Sea Canada
95%
Celebes Sea Indonesia
95%
Andaman Sea India
91%
No matching quizzes found
Score Distribution
Percent of People with Each Score
Percentile by Number Answered
Your Score History
You have not taken this quiz